| 000 | 00382nam a2200157Ia 4500 | ||
|---|---|---|---|
| 008 | 151213s9999 xx 000 0 und d | ||
| 020 | _a81-250-1916-2 | ||
| 100 | _aJim Powell | ||
| 245 |
_aDerrida For Beginners _cJim Powell |
||
| 260 |
_aBangadlore _bOrient Longman _c2000 |
||
| 300 | _a7152 p. | ||
| 650 | _aEnglish | ||
| 650 | _aEnglish | ||
| 700 | _aJim Powell | ||
| 999 |
_c3795 _d3795 |
||